| 000 | 004310000a22001690004500 | ||
|---|---|---|---|
| 003 | MACL | ||
| 005 | 20160105154610.0 | ||
| 008 | 160105b xxu||||| |||| 00| 0 eng d | ||
| 040 |
_aMACL _cMACL |
||
| 041 | _aEnglish | ||
| 082 | _a820/TAI | ||
| 100 |
_aTaine, H.A. _928180 |
||
| 245 | _aHistory of English Literature | ||
| 260 |
_bChatto & Windus _c1887 _aLondon |
||
| 650 |
_aEnglish Literature _928181 |
||
| 942 |
_cBK _k820/TAI _2ddc |
||
| 999 |
_c37759 _d37759 |
||